| 000 | 01402nam a2200385Ii 4500 | ||
|---|---|---|---|
| 001 | DIGUECCI0020 | ||
| 003 | NyNyDIG | ||
| 008 | 230923s2022 ck ob 000 0 spa d | ||
| 006 | m o d | ||
| 007 | cr ||||||||||| | ||
| 035 | _a(OCoLC)1399542984 | ||
| 040 |
_aDGITA _beng _erda _epn _cDGITA |
||
| 020 |
_a9789588817651 _qeBook |
||
| 041 | 0 |
_aspa _bspa _beng |
|
| 050 | 1 | 4 | _aP99.4.S62 ebook |
| 100 | 1 |
_aRodríguez Vargas, Angélica Patricia, _eauthor. |
|
| 245 | 1 | 0 |
_aSemiótica aplicada a fenómenos sociales. _nTomo II / _cAngélica Rodríguez Vargas. |
| 264 | 1 |
_a[Bogotá, Colombia] : _bEditorial Universidad ECCI, _c2022. |
|
| 300 | _a1 online resource. | ||
| 336 |
_atext _btxt _2rdacontent |
||
| 337 |
_acomputer _bc _2rdamedia |
||
| 338 |
_aonline resource _bcr _2rdacarrier |
||
| 347 |
_atext file _2rdaft |
||
| 347 | _bPDF | ||
| 504 | _aIncludes bibliographical references. | ||
| 546 | _aText in Spanish with abstract in Spanish and English. | ||
| 588 | 0 | _aOnline resource; title from PDF title page (Digitalia, viewed September 23, 2023) | |
| 650 | 0 |
_aSemiotics _xSocial aspects. |
|
| 650 | 0 |
_aStreet art _xSocial aspects. |
|
| 791 | 2 |
_aDigitalia (Firm), _edistributor. |
|
| 793 | 0 |
_gDigitalia eBook Collection: _aUniversidad ECCI |
|
| 856 | 4 | 0 |
_3Digitalia Hispánica _uhttps://www.digitaliapublishing.com/a/130017/ |
| 910 | _aPremium collection: 2023 | ||
| 942 | _cRAA | ||
| 999 |
_c280734 _d280734 |
||